Villarroel Teatre : 25 anys de 'La Sala' 1973-1998 / textos de Joan-Anton Benach ... [et al.] 25 anys de 'La Sala' 1973-1998 / textos de Joan-Anton Benach ... [et al.]
Descripción Física:
139 p : il., col. ; 24 cm
Materias:
Villarroel Teatre
MARC
| LEADER | 00000nam a2200000Ia 4500 | ||
|---|---|---|---|
| 001 | 12129 | ||
| 008 | 160829s1998 xx 000 0 cat d | ||
| 080 | |a B-1-146 | ||
| 245 | |a Villarroel Teatre : |b 25 anys de 'La Sala' 1973-1998 / textos de Joan-Anton Benach ... [et al.] | ||
| 260 | |a Barcelona : |b Villarroel Teatre : |b Institut del Teatre, Diputació de Barcelona, |c 1998 | ||
| 300 | |a 139 p : |b il., col. ; |c 24 cm | ||
| 590 | |a Amb el suport de Societat General d'Autors i Editors ; Caixa Catalunya | ||
| 650 | |a Villarroel Teatre |9 20689 | ||
| 700 | 1 | |a Benach, Joan-Anton, |d 1936- |9 20209 | |
| 700 | |a Villarroel Teatre |9 20689 | ||
| 710 | 1 | |a Institut del Teatre (Barcelona, Catalunya) |9 52662 | |
| 901 | |a Arxiu | ||
| 942 | |n 1 | ||
| 952 | |0 0 |1 0 |4 0 |6 B1146 |7 1 |9 41633 |a Arxiu |b Arxiu |d 2016-12-01 |l 0 |o B-1-146 |p 12129 |r 2016-12-01 00:00:00 |w 2016-12-01 |y ARXIU | ||
| 999 | |c 43523 |d 43523 | ||